000 00495nam a2200181Ia 4500
003 GCL
008 140319s9999 xx 000 0 eng d
040 _aGCL /
_cGCL
082 0 4 _a574.5
_bWE
100 1 _aWITHERICK, MICHAEL
245 1 0 _aENVIRON MENT AND AS GEOGRAPTY /
_cWITHERICK, MICHAEL
260 _a[S.N] :
_bSTANLEY THORNES (PUBLISHERS) LTD. ،
_c1995
650 0 4 _aWEATHER
650 0 4 _aPOPULATION
650 0 4 _aENVIRONMENT AND DEVELOPMENT
650 0 4 _aHAZARDS
942 _2ddc
_cBK
999 _c11647
_d11647